[Event "Klatovy op-A 23rd"]
[Site "Klatovy"]
[Date "2017.07.04"]
[Round "4"]
[White "Kasik, Miroslav"]
[Black "Ondrejat, Miroslav"]
[Result "0-1"]
[WhiteElo "1805"]
[BlackElo "2010"]
[PlyCount "64"]
[EventDate "2017.07.01"]
[EventType "swiss"]
[EventRounds "9"]
[EventCountry "CZE"]
[SourceTitle "EXT 2018"]
[Source "ChessBase"]
[SourceDate "2017.10.13"]
[SourceVersion "1"]
[SourceVersionDate "2017.10.13"]
[SourceQuality "1"]

1. d4 Nf6 2. Nf3 e6 3. g3 c5 4. Bg2 Nc6 5. c3 d5 6. 0-0 Be7 7. e3 0-0 8. Nbd2 cxd4 9. exd4 a5 10. a4 b6 11. Re1 Ba6 12. Bf1 Bxf1 13. Kxf1 Nd7 14. Qe2 Qc8 15. Kg1 Qa6 16. Qxa6 Rxa6 17. Ne5 Ndxe5 18. dxe5 Rb8 19. f4 b5 20. axb5 Rxb5 21. Ra4 d4 22. Ne4 dxc3 23. bxc3 f5 24. exf6 gxf6 25. Be3 f5 26. Nd2 Bf6 27. Rc1 e5 28. fxe5 Nxe5 29. Rc2 Ng4 30. Bd4 Bxd4+ 31. cxd4 Re6 32. Nf1 Re1 0-1

[Event "Wch Seniors 65 26th"]
[Site "Marianske Lazne"]
[Date "2016.11.29"]
[Round "10"]
[White "Kasik, Miroslav"]
[Black "Schmitt, Karl"]
[Result "1/2-1/2"]
[WhiteElo "1779"]
[BlackElo "1899"]
[PlyCount "73"]
[EventDate "2016.11.19"]
[EventType "swiss"]
[EventRounds "11"]
[EventCountry "CZE"]
[SourceTitle "CBM 175 Extra"]
[Source "ChessBase"]
[SourceDate "2016.12.12"]
[SourceVersion "1"]
[SourceVersionDate "2016.12.12"]
[SourceQuality "1"]

1. d4 Nf6 2. Nf3 g6 3. e3 Bg7 4. Be2 0-0 5. 0-0 d5 6. b3 Nbd7 7. Bb2 Ne4 8. Nfd2 Nxd2 9. Nxd2 e5 10. dxe5 Nxe5 11. c3 c6 12. Nf3 Nxf3+ 13. Bxf3 Qa5 14. Qd2 Be6 15. Rfd1 Rfd8 16. Qe1 f5 17. Qd2 Bf7 18. g3 Rac8 19. Qc2 Qc5 20. Rac1 b5 21. Qd2 Qe7 22. Bg2 Re8 23. Re1 h5 24. f4 Qc5 25. h4 Rc7 26. Kf2 Rce7 27. Rc2 Rc7 28. Qc1 Bf8 29. Qd1 Qe7 30. Qd3 Be6 31. Ree2 Qf7 32. Bc1 Bc5 33. Qd1 a6 34. Qd3 Rec8 35. Qd1 Bf8 36. Red2 Be7 37. Bf3 1/2-1/2

[Event "Wch Seniors 65 26th"]
[Site "Marianske Lazne"]
[Date "2016.11.28"]
[Round "9"]
[White "Bernhoeft, Erhard"]
[Black "Kasik, Miroslav"]
[Result "1-0"]
[WhiteElo "1962"]
[BlackElo "1779"]
[PlyCount "113"]
[EventDate "2016.11.19"]
[EventType "swiss"]
[EventRounds "11"]
[EventCountry "CZE"]
[SourceTitle "CBM 175 Extra"]
[Source "ChessBase"]
[SourceDate "2016.12.12"]
[SourceVersion "1"]
[SourceVersionDate "2016.12.12"]
[SourceQuality "1"]

1. c4 c5 2. g3 Nc6 3. Bg2 Nf6 4. Nc3 g6 5. Nf3 Bg7 6. 0-0 0-0 7. d4 cxd4 8. Nxd4 Nxd4 9. Qxd4 d6 10. Qd3 Rb8 11. b3 b6 12. Bb2 Bb7 13. e4 Nd7 14. Rad1 Nc5 15. Qc2 Bxc3 16. Qxc3 f6 17. Rfe1 Qc7 18. Qe3 Bc8 19. h3 Ne6 20. Kh2 Qc5 21. Qe2 Ng7 22. f4 Bb7 23. Bd4 Qc7 24. Bf1 Rbd8 25. Bb2 Ba8 26. Bg2 Qc5 27. Rf1 Qc7 28. Rf2 Qc5 29. Bd4 Qc7 30. Re1 Ne6 31. Bb2 Ng7 32. e5 fxe5 33. Bxa8 Rxa8 34. fxe5 Rxf2+ 35. Qxf2 Rf8 36. Qg2 Qc5 37. Re2 dxe5 38. Bxe5 e6 39. Bf4 Nh5 40. Bh6 Ng7 41. Be3 Qe7 42. Qe4 Re8 43. Qe5 Nf5 44. Bc1 Qg7 45. Qb5 Qf7 46. Bb2 Ng7 47. Qe5 Qd7 48. Bc3 Qf7 49. b4 Re7 50. c5 bxc5 51. Qxc5 Rc7 52. Qe5 Qf3 53. Bd4 Rf7 54. Rf2 Qb7 55. Rxf7 Qxf7 56. a4 Qb7 57. b5 1-0

[Event "Wch Seniors 65 26th"]
[Site "Marianske Lazne"]
[Date "2016.11.21"]
[Round "3"]
[White "Kasik, Miroslav"]
[Black "Kotva, Milan"]
[Result "0-1"]
[WhiteElo "1779"]
[BlackElo "1999"]
[PlyCount "62"]
[EventDate "2016.11.19"]
[EventType "swiss"]
[EventRounds "11"]
[EventCountry "CZE"]
[SourceTitle "CBM 175 Extra"]
[Source "ChessBase"]
[SourceDate "2016.12.12"]
[SourceVersion "1"]
[SourceVersionDate "2016.12.12"]
[SourceQuality "1"]

1. e4 e5 2. Nf3 Nc6 3. Bb5 a6 4. Ba4 Nf6 5. d4 exd4 6. 0-0 Be7 7. e5 Ne4 8. Nxd4 Nc5 9. Nxc6 dxc6 10. Qxd8+ Bxd8 11. Bb3 Nxb3 12. cxb3 Be6 13. Nc3 Be7 14. Be3 0-0-0 15. Rad1 Bd5 16. Rd2 Bb4 17. Rfd1 Rde8 18. Bf4 g5 19. Bg3 h5 20. h3 h4 21. Bh2 g4 22. hxg4 h3 23. g3 Rxe5 24. Rd3 Rhe8 25. Re3 Bxc3 26. bxc3 Rxe3 27. fxe3 Rxe3 28. c4 Be6 29. Kf2 Rc3 30. Rd2 Bxg4 31. Rb2 a5 0-1

[Event "Klatovy op-B 22nd"]
[Site "Klatovy"]
[Date "2016.07.07"]
[Round "6"]
[White "Rychtecky, Pavel"]
[Black "Kasik, Miroslav"]
[Result "1/2-1/2"]
[WhiteElo "1546"]
[BlackElo "1768"]
[PlyCount "26"]
[EventDate "2016.07.02"]
[EventType "swiss"]
[EventRounds "9"]
[EventCountry "CZE"]
[SourceTitle "EXT 2019"]
[Source "ChessBase"]
[SourceDate "2018.10.10"]
[SourceVersion "1"]
[SourceVersionDate "2018.10.10"]
[SourceQuality "1"]

1. e4 d5 2. exd5 Qxd5 3. Nc3 Qa5 4. d4 c6 5. Nf3 Bg4 6. Be2 Nf6 7. 0-0 e6 8. Ne5 Bxe2 9. Qxe2 Qd8 10. Be3 Be7 11. a3 Nbd7 12. f4 g6 13. g4 Qc7 1/2-1/2

[Event "CZE-ch Seniors 60"]
[Site "Rychnov nad Kneznou"]
[Date "2015.08.21"]
[Round "7"]
[White "Bartosek, Ivan"]
[Black "Kasik, Miroslav"]
[Result "0-1"]
[WhiteElo "1812"]
[BlackElo "1753"]
[PlyCount "72"]
[EventDate "2015.08.15"]
[EventType "swiss"]
[EventRounds "9"]
[EventCountry "CZE"]
[SourceTitle "EXT 2016"]
[Source "ChessBase"]
[SourceDate "2015.10.08"]
[SourceVersion "1"]
[SourceVersionDate "2015.10.08"]
[SourceQuality "1"]

1. e4 c5 2. f4 d6 3. Bc4 e6 4. c3 a6 5. Nf3 b5 6. Bb3 Bb7 7. f5 exf5 8. exf5 c4 9. Bc2 Be7 10. a4 Nf6 11. axb5 axb5 12. Rxa8 Bxa8 13. Na3 Qb6 14. d3 cxd3 15. Bxd3 0-0 16. Nxb5 Re8 17. Nbd4 Bd8+ 18. Be2 Nc6 19. 0-0 Ne5 20. Kh1 Nxf3 21. Bxf3 Bxf3 22. Qxf3 d5 23. Ne2 Bc7 24. b4 Qb5 25. Nf4 Be5 26. Rd1 Bxf4 27. Bxf4 Qc4 28. h3 Ne4 29. Re1 f6 30. Bd2 Rc8 31. Qe3 Ra8 32. Rc1 Ra2 33. Be1 h6 34. Kh2 Qf1 35. Qg1 Qf4+ 36. Kh1 Qxc1 0-1

[Event "CZE-ch Seniors 60"]
[Site "Rychnov nad Kneznou"]
[Date "2015.08.20"]
[Round "6"]
[White "Kasik, Miroslav"]
[Black "Pokorny, Jan"]
[Result "1/2-1/2"]
[WhiteElo "1753"]
[BlackElo "1803"]
[PlyCount "27"]
[EventDate "2015.08.15"]
[EventType "swiss"]
[EventRounds "9"]
[EventCountry "CZE"]
[SourceTitle "EXT 2016"]
[Source "ChessBase"]
[SourceDate "2015.10.08"]
[SourceVersion "1"]
[SourceVersionDate "2015.10.08"]
[SourceQuality "1"]

1. e4 c5 2. Nc3 d6 3. g3 g6 4. Bg2 Bg7 5. d3 e6 6. f4 Ne7 7. Nf3 a6 8. 0-0 Nbc6 9. Be3 Nd4 10. Bf2 0-0 11. Rb1 Nec6 12. Ne2 Qa5 13. a3 Rb8 14. c3 1/2-1/2

[Event "Klatovy op-B"]
[Site "Klatovy"]
[Date "2013.07.01"]
[Round "3"]
[White "Kasik, Miroslav"]
[Black "Foucek, Simon"]
[Result "1/2-1/2"]
[WhiteElo "1855"]
[BlackElo "1615"]
[PlyCount "35"]
[EventDate "2013.06.29"]
[EventType "swiss"]
[EventRounds "9"]
[EventCountry "CZE"]
[SourceTitle "EXT 2014"]
[Source "ChessBase"]
[SourceDate "2013.11.20"]
[SourceVersion "1"]
[SourceVersionDate "2013.11.20"]
[SourceQuality "1"]

1. e4 c5 2. Nc3 Nc6 3. g3 g6 4. Bg2 Bg7 5. d3 e6 6. f4 d6 7. Nf3 Nge7 8. 0-0 0-0 9. Ne2 Qb6 10. c3 f5 11. Kh1 Rd8 12. Qc2 Qc7 13. Be3 fxe4 14. dxe4 b6 15. Rad1 d5 16. e5 Nf5 17. Bg1 Rb8 18. h4 1/2-1/2

[Event "CZE-chT2F 1213"]
[Site "Czech Republic"]
[Date "2013.02.17"]
[Round "9.36"]
[White "Kasik, Miroslav"]
[Black "Valencik, Jozef"]
[Result "0-1"]
[WhiteElo "2008"]
[BlackElo "1902"]
[PlyCount "82"]
[EventDate "2012.10.14"]
[EventType "team-tourn"]
[EventRounds "11"]
[EventCountry "CZE"]
[SourceTitle "EXT 2016"]
[Source "ChessBase"]
[SourceDate "2015.10.08"]
[SourceVersion "1"]
[SourceVersionDate "2015.10.08"]
[SourceQuality "1"]
[WhiteTeam "Kromeriz Slavia II"]
[BlackTeam "Havirov Slovan"]
[WhiteTeamCountry "CZE"]
[BlackTeamCountry "CZE"]

1. e4 Nc6 2. Nc3 Nf6 3. d4 e5 4. Nf3 exd4 5. Nxd4 Bb4 6. Nxc6 bxc6 7. Qd4 Qe7 8. f3 d5 9. Bg5 c5 10. Bb5+ Kf8 11. Bxf6 cxd4 12. Bxe7+ Kxe7 13. a3 dxc3 14. axb4 cxb2 15. Rb1 Rb8 16. Bc6 Rxb4 17. exd5 Bd7 18. Kd2 Bxc6 19. Rhe1+ Kd6 20. dxc6 a5 21. c3 Rb5 22. Re4 Rhb8 23. Rc4 Rc5 24. Rf4 Kxc6 25. Kc2 Re5 26. Kd3 Rd8+ 27. Kc4 Rd2 28. Rxf7 Rxg2 29. h4 Rh5 30. Rf4 Rh2 31. Kb3 R2xh4 32. Rxh4 Rxh4 33. Rxb2 Rf4 34. Rg2 g6 35. Rh2 Rxf3 36. Rxh7 Rg3 37. Rg7 Rg1 38. Ka4 Kb6 39. Rg8 g5 40. Ra8 g4 41. Rg8 g3 0-1

[Event "Marianske Lazne Seniors op"]
[Site "Marianske Lazne"]
[Date "2013.01.25"]
[Round "8"]
[White "Kasik, Miroslav"]
[Black "Tejcek, Bohumil"]
[Result "1/2-1/2"]
[WhiteElo "1871"]
[BlackElo "1732"]
[PlyCount "21"]
[EventDate "2013.01.18"]
[EventType "swiss"]
[EventRounds "9"]
[EventCountry "CZE"]
[SourceTitle "EXT 2014"]
[Source "ChessBase"]
[SourceDate "2013.11.20"]
[SourceVersion "1"]
[SourceVersionDate "2013.11.20"]
[SourceQuality "1"]

1. e4 Nf6 2. e5 Nd5 3. d4 d6 4. c4 Nb6 5. f4 dxe5 6. fxe5 c5 7. d5 e6 8. Nc3 exd5 9. cxd5 c4 10. g3 Bb4 11. Bg2 1/2-1/2

[Event "Marianske Lazne Seniors op"]
[Site "Marianske Lazne"]
[Date "2013.01.22"]
[Round "5"]
[White "Golcman, Evgeny"]
[Black "Kasik, Miroslav"]
[Result "1-0"]
[WhiteElo "2258"]
[BlackElo "1871"]
[PlyCount "41"]
[EventDate "2013.01.18"]
[EventType "swiss"]
[EventRounds "9"]
[EventCountry "CZE"]
[SourceTitle "EXT 2014"]
[Source "ChessBase"]
[SourceDate "2013.11.20"]
[SourceVersion "1"]
[SourceVersionDate "2013.11.20"]
[SourceQuality "1"]

1. c4 e5 2. g3 g6 3. Bg2 Bg7 4. Nc3 Nc6 5. Nf3 d6 6. 0-0 f5 7. d3 Nf6 8. Rb1 h6 9. b4 0-0 10. a4 Rb8 11. b5 Ne7 12. c5 Be6 13. cxd6 cxd6 14. e4 g5 15. exf5 Nxf5 16. Ba3 Ne7 17. Re1 Rc8 18. Ne4 Ne8 19. d4 Ng6 20. dxe5 g4 21. Nd4 1-0

[Event "CZE-chT2F 1213"]
[Site "Czech Republic"]
[Date "2012.12.02"]
[Round "4.65"]
[White "Kubos, Rostislav"]
[Black "Kasik, Miroslav"]
[Result "1-0"]
[WhiteElo "2215"]
[BlackElo "2008"]
[PlyCount "71"]
[EventDate "2012.10.14"]
[EventType "team-tourn"]
[EventRounds "11"]
[EventCountry "CZE"]
[SourceTitle "EXT 2016"]
[Source "ChessBase"]
[SourceDate "2015.10.08"]
[SourceVersion "1"]
[SourceVersionDate "2015.10.08"]
[SourceQuality "1"]
[WhiteTeam "Orlova Slavia II"]
[BlackTeam "Kromeriz Slavia II"]
[WhiteTeamCountry "CZE"]
[BlackTeamCountry "CZE"]

1. c4 c6 2. e4 d5 3. cxd5 cxd5 4. exd5 Qxd5 5. Nc3 Qd6 6. d4 Nf6 7. Bc4 Nc6 8. Be3 a6 9. Nge2 b5 10. Bb3 Bb7 11. 0-0 e6 12. d5 exd5 13. Nxd5 Nxd5 14. Qxd5 Qxd5 15. Bxd5 Be7 16. Nd4 Na5 17. Bxb7 Nxb7 18. Nf5 Bf6 19. Bd4 0-0 20. Bxf6 gxf6 21. Rac1 Rfe8 22. f4 Rad8 23. Rc6 Re6 24. Rc7 Na5 25. Nh6+ Kf8 26. Rxf7+ Ke8 27. f5 Re2 28. Rxf6 Rxb2 29. Re1+ Kd7 30. Rd1+ Kc8 31. Rxd8+ Kxd8 32. Rxa6 Rxa2 33. f6 Ra1+ 34. Kf2 Nb3 35. f7 Ke7 36. Re6+ 1-0

[Event "Plzen op 4th"]
[Site "Plzen"]
[Date "2012.11.20"]
[Round "3"]
[White "Kasik, Miroslav"]
[Black "Truksa, Vaclav1111"]
[Result "1-0"]
[WhiteElo "1880"]
[BlackElo "1662"]
[PlyCount "113"]
[EventDate "2012.11.18"]
[EventType "swiss"]
[EventRounds "7"]
[EventCountry "CZE"]
[SourceTitle "CBM 151 Extra"]
[Source "ChessBase"]
[SourceDate "2012.12.18"]
[SourceVersion "1"]
[SourceVersionDate "2012.12.18"]
[SourceQuality "1"]

1. e4 c5 2. Nc3 d6 3. g3 Nc6 4. Bg2 Nf6 5. d3 e6 6. f4 Be7 7. Nf3 0-0 8. 0-0 a6 9. Ne2 b5 10. e5 Nd7 11. exd6 Bxd6 12. Ne5 Bxe5 13. Bxc6 Rb8 14. fxe5 Nxe5 15. Bg2 Ng6 16. Be3 Qc7 17. Nf4 Qe5 18. Qc1 Ne7 19. Re1 Nf5 20. Bf2 Qc7 21. c3 Rd8 22. Qc2 Bb7 23. Bxb7 Rxb7 24. Rad1 Qc6 25. Qe2 Rbd7 26. Rd2 h6 27. Red1 Qc7 28. Qf3 Qa5 29. a3 c4 30. Ng2 Qa4 31. Qe2 cxd3 32. Rxd3 Qxd1+ 33. Rxd1 Rxd1+ 34. Be1 R8d2 35. Qxd2 Rxd2 36. Bxd2 Kf8 37. Kf2 Ke7 38. g4 Nd6 39. b3 Ne4+ 40. Ke3 Nxd2 41. Kxd2 g5 42. Ke3 f5 43. gxf5 exf5 44. Kd4 h5 45. Ke5 f4 46. Nxf4 gxf4 47. Kxf4 Kd6 48. Ke4 Kc5 49. h4 a5 50. Kd3 Kd5 51. c4+ bxc4+ 52. bxc4+ Ke5 53. Ke3 Kf5 54. Kd4 Ke6 55. Kc5 Kd7 56. Kb6 Kc8 57. Kxa5 1-0

[Event "Plzen op 4th"]
[Site "Plzen"]
[Date "2012.11.18"]
[Round "1"]
[White "Kasik, Miroslav"]
[Black "Strebkovs, Andrejs"]
[Result "0-1"]
[WhiteElo "1880"]
[BlackElo "2318"]
[PlyCount "116"]
[EventDate "2012.11.18"]
[EventType "swiss"]
[EventRounds "7"]
[EventCountry "CZE"]
[SourceTitle "CBM 151 Extra"]
[Source "ChessBase"]
[SourceDate "2012.12.18"]
[SourceVersion "1"]
[SourceVersionDate "2012.12.18"]
[SourceQuality "1"]

1. e4 g6 2. d4 Bg7 3. c3 d6 4. Bd3 e6 5. Be3 Ne7 6. Ne2 Nd7 7. Qd2 h6 8. Na3 a6 9. 0-0 b6 10. f4 f5 11. Ng3 Nf6 12. Qc2 Bb7 13. Rae1 0-0 14. e5 Ng4 15. Bd2 dxe5 16. dxe5 h5 17. h3 h4 18. Nh1 Qd5 19. Bc1 Rad8 20. Bc4 Qc5+ 21. Rf2 Nxf2 22. Bxe6+ Kh7 23. Qxf2 Qxf2+ 24. Nxf2 Nd5 25. Nc2 Bh6 26. Bxd5 Bxd5 27. b3 c5 28. c4 Be6 29. Be3 Rf7 30. Rd1 Rfd7 31. Rxd7+ Rxd7 32. Ne1 Bf8 33. Nf3 Be7 34. Kf1 b5 35. Bxc5 Bxc5 36. Ng5+ Kg8 37. Nxe6 Bxf2 38. Kxf2 bxc4 39. bxc4 Rd2+ 40. Ke3 Rxa2 41. c5 Kf7 42. Ng5+ Ke8 43. Kd4 Rd2+ 44. Kc4 Rxg2 45. Kd5 Ke7 46. c6 Rd2+ 47. Kc5 a5 48. Kb5 Rc2 49. Nf3 a4 50. Kxa4 Rxc6 51. Kb5 Rc2 52. Nxh4 Kf7 53. Nf3 Rf2 54. Ng5+ Ke7 55. Kc5 Rxf4 56. Kd5 Rf1 57. h4 Rd1+ 58. Kc5 Rh1 0-1

[Event "Tabor op"]
[Site "Tabor"]
[Date "2012.08.05"]
[Round "9"]
[White "Kasik, Miroslav"]
[Black "Hasek, Vaclav"]
[Result "1/2-1/2"]
[WhiteElo "1872"]
[BlackElo "2079"]
[PlyCount "29"]
[EventDate "2012.07.29"]
[EventType "swiss"]
[EventRounds "9"]
[EventCountry "CZE"]
[SourceTitle "EXT 2013"]
[Source "ChessBase"]
[SourceDate "2012.11.22"]
[SourceVersion "1"]
[SourceVersionDate "2012.11.22"]
[SourceQuality "1"]

1. e4 e5 2. Nf3 d6 3. d4 exd4 4. Nxd4 Be7 5. Nc3 Nf6 6. Be2 0-0 7. 0-0 c6 8. Bf3 c5 9. Nde2 Nc6 10. Ng3 Nd4 11. Bf4 Nxf3+ 12. Qxf3 Qb6 13. b3 Bg4 14. Qd3 Rac8 15. f3 1/2-1/2

[Event "Tabor op"]
[Site "Tabor"]
[Date "2012.08.01"]
[Round "5"]
[White "Kasik, Miroslav"]
[Black "Vojta, Ladislav"]
[Result "1-0"]
[WhiteElo "1872"]
[BlackElo "1534"]
[PlyCount "71"]
[EventDate "2012.07.29"]
[EventType "swiss"]
[EventRounds "9"]
[EventCountry "CZE"]
[SourceTitle "EXT 2013"]
[Source "ChessBase"]
[SourceDate "2012.11.22"]
[SourceVersion "1"]
[SourceVersionDate "2012.11.22"]
[SourceQuality "1"]

1. e4 a6 2. d4 b5 3. Be3 Bb7 4. Nd2 Nf6 5. Bd3 e6 6. c3 d6 7. h3 c5 8. Ngf3 Nc6 9. 0-0 Rc8 10. Qe2 cxd4 11. Nxd4 Nxd4 12. Bxd4 e5 13. Be3 d5 14. Bg5 Be7 15. Bxf6 Bxf6 16. a4 bxa4 17. Rxa4 Qb6 18. Rb4 Qc6 19. exd5 Qxd5 20. Be4 Qd6 21. Bxb7 a5 22. Ne4 Qc7 23. Bxc8 axb4 24. cxb4 Be7 25. Qb5+ Kf8 26. Bd7 g6 27. Qc6 Qb8 28. b5 Kg7 29. b6 f5 30. Nc3 e4 31. Qc7 Bd6 32. Qxb8 Bxb8 33. Rd1 Be5 34. Na4 Rd8 35. Nc5 Bxb2 36. Ne6+ 1-0

[Event "Marianske Lazne op"]
[Site "Marianske Lazne"]
[Date "2011.01.17"]
[Round "3"]
[White "Kasik, Miroslav"]
[Black "Van Loy, Rick"]
[Result "1-0"]
[WhiteElo "1906"]
[BlackElo "2033"]
[PlyCount "101"]
[EventDate "2011.01.15"]
[EventType "swiss"]
[EventRounds "9"]
[EventCountry "CZE"]
[SourceTitle "CBM 140 Extra"]
[Source "ChessBase"]
[SourceDate "2011.03.01"]
[SourceVersion "1"]
[SourceVersionDate "2011.03.01"]
[SourceQuality "1"]

1. e4 e5 2. Nf3 Nc6 3. Bb5 a6 4. Ba4 Nf6 5. d4 exd4 6. 0-0 d5 7. exd5 Nxd5 8. Bxc6+ bxc6 9. Qxd4 Qf6 10. Re1+ Be6 11. Qxf6 gxf6 12. Nd4 Kd7 13. Nxe6 fxe6 14. Bd2 Bb4 15. a3 Bd6 16. c4 Nf4 17. Bxf4 Bxf4 18. Nc3 Ke7 19. Rad1 Rhd8 20. Rxd8 Rxd8 21. Rd1 Rxd1+ 22. Nxd1 a5 23. g3 Be5 24. Kf1 a4 25. Ke2 Kd6 26. Kd3 c5 27. h3 f5 28. Nc3 Bd4 29. Nb5+ Kc6 30. Nxd4+ cxd4 31. Kxd4 e5+ 32. Kxe5 Kc5 33. Kxf5 Kxc4 34. Ke6 Kb3 35. f4 c5 36. f5 c4 37. f6 Kxb2 38. f7 c3 39. f8Q c2 40. Qb4+ Ka2 41. Qxa4 c1Q 42. g4 Qh6+ 43. Kf5 Qxh3 44. Qb4 h5 45. a4 hxg4 46. Qxg4 Qh7+ 47. Kf6 Qc2 48. Qb4 Qc6+ 49. Ke5 Qd7 50. a5 Qd3 51. Qa4+ 1-0